[Event "22e Tournoi 1hKO"]
[Site "Montigny le Bretonneux"]
[Date "2018.05.12"]
[Round "5.10"]
[White "Zareli, Aymane"]
[Black "Rayeh, Anas"]
[Result "0-1"]
[WhiteElo "1009"]
[BlackElo "1204"]
[Annotator "Rivier,Sylvain"]
[PlyCount "99"]
[EventDate "2018.??.??"]

{Défense Pirc, variante classique} 1. e4 d6 2. d4 g6 3. Nc3 Bg7 4. Nf3 Nf6 5.
e5 dxe5 6. Nxe5 O-O 7. Bf4 Bg4 8. f3 Be6 9. Bd3 Nc6 10. d5 Bxd5 11. Nxd5 Qxd5
12. Qe2 e6 13. O-O Qd4+ 14. Rf2 Qxb2 15. Qd1 Nxe5 16. Bg5 Nxd3 17. cxd3 Qd4 18.
Rb1 h6 19. Bxf6 Qxf6 20. Rxb7 c6 21. Rc2 Qd4+ 22. Rf2 Qd5 23. Qa4 a6 24. Rfb2
Bd4+ 25. Rf2 Qc5 26. Kf1 Qc1+ 27. Ke2 Bxf2 28. Kxf2 g5 29. Rc7 h5 30. Rxc6 Qa1
31. d4 h4 32. Qc2 Qxd4+ 33. Ke2 Qe5+ 34. Kd3 Qd5+ 35. Ke3 f5 36. Rc5 f4+ 37.
Kf2 Qd4+ 38. Ke2 Qe3+ 39. Kf1 Rab8 40. g3 fxg3 41. hxg3 hxg3 42. Kg2 Qxf3+ 43.
Kh3 Kg7 44. Rxg5+ Kf7 45. Qg6+ Ke7 46. Qg7+ Kd6 47. Qe5+ Kd7 48. Rg7+ Kc6 49.
Qc7+ Kb5 50. Rxg3 {suite illisible} 0-1

[Event "22e Tournoi 1hKO"]
[Site "Montigny le Bretonneux"]
[Date "2018.05.12"]
[Round "5.11"]
[White "Harang, Mathurin"]
[Black "Carbonero, Jean Marc"]
[Result "0-1"]
[WhiteElo "1099"]
[BlackElo "1098"]
[Annotator "Rivier,Sylvain"]
[PlyCount "70"]
[EventDate "2018.??.??"]

{Partie viennoise} 1. e4 e5 2. Bc4 Bc5 3. Nc3 Ne7 4. Qf3 O-O 5. d3 d6 6. Bg5
Nbc6 7. Qd1 Bd7 8. Qf3 Nd4 9. Qd1 a6 10. Nge2 b5 11. Bd5 c6 12. O-O cxd5 13.
exd5 b4 14. Na4 Bxa4 15. Ng3 Bxc2 16. Qc1 Bxd3 17. Nf5 f6 18. Nxe7+ Qxe7 19.
Bh4 Ne2+ 20. Kh1 Nxc1 21. Rfxc1 a5 22. g3 g5 23. Bxg5 fxg5 24. Rd1 Be4+ 25. Kg1
Bxf2+ 26. Kf1 Bxg3+ 27. Ke2 Bf3+ 28. Ke3 Qa7+ 29. Kd2 Bxh2 30. a3 Qd4+ 31. Kc1
Bf4+ 32. Kc2 Qf2+ 33. Kb3 Bxd1+ 34. Ka2 b3+ 35. Kb1 Qc2# 0-1

[Event "22e Tournoi 1hKO"]
[Site "Montigny le Bretonneux"]
[Date "2018.05.12"]
[Round "6.1"]
[White "Forissier, Nicolas"]
[Black "Sondermeijer, Antoine"]
[Result "1-0"]
[WhiteElo "1977"]
[BlackElo "1465"]
[Annotator "Rivier,Sylvain"]
[PlyCount "68"]
[EventDate "2018.??.??"]

{Gambit de Budapest, variante Fajarowicz} 1. d4 Nf6 2. c4 e5 3. d5 Bc5 4. e3 d6
5. Nc3 a5 6. Nf3 O-O 7. Be2 Nbd7 8. Bd2 Re8 9. O-O Nf8 10. Na4 Ne4 11. a3 Bd7
12. Be1 Ba7 13. Nd2 Bxa4 14. Qxa4 Nc5 15. Qxa5 Bb6 16. Qc3 f5 17. b4 Ncd7 18.
a4 f4 19. Nb3 fxe3 20. fxe3 Nf6 21. c5 Ba7 22. Bh4 Ne4 23. Qe1 Qd7 24. Bd3 Nc3
25. Qxc3 c6 26. dxc6 bxc6 27. b5 Qg4 28. Qc4+ Qxc4 29. Bxc4+ d5 30. Be2 cxb5
31. axb5 Nd7 32. b6 Nxb6 33. cxb6 Bxb6 34. Bf2 Rad8 {suite non notée} 1-0

[Event "22e Tournoi 1hKO"]
[Site "Montigny le Bretonneux"]
[Date "2018.05.12"]
[Round "6.2"]
[White "Trevisiol, Thierry"]
[Black "David, Frederic"]
[Result "0-1"]
[WhiteElo "1578"]
[BlackElo "1964"]
[Annotator "Rivier,Sylvain"]
[PlyCount "60"]
[EventDate "2018.??.??"]

{Défense néo-Grünfeld, variante principale} 1. d4 d5 2. c4 c6 3. cxd5 cxd5 4.
Nc3 Nc6 5. Nf3 Nf6 6. g3 g6 7. Bg2 Bg7 8. O-O O-O 9. b3 Ne4 10. Bb2 Qa5 11.
Nxe4 dxe4 12. Ne1 Bf5 13. Nc2 Rfd8 14. e3 e5 15. Qe1 Qxe1 16. Rfxe1 exd4 17.
exd4 Nxd4 18. Bxd4 Bxd4 19. Nxd4 Rxd4 20. h3 h5 21. Re2 Rad8 22. Rae1 Rd2 23.
Kf1 Kf8 24. Rc1 Rd1+ 25. Re1 Rxc1 26. Rxc1 Rd2 27. Rc7 Rxa2 28. Rxb7 a5 29. Ra7
Be6 30. Bxe4 Kg7 {suite non notée} 0-1

[Event "22e Tournoi 1hKO"]
[Site "Montigny le Bretonneux"]
[Date "2018.05.12"]
[Round "6.3"]
[White "Pelletier, Sylvain"]
[Black "Duval, Dominique"]
[Result "0-1"]
[WhiteElo "1399"]
[BlackElo "1704"]
[Annotator "Rivier,Sylvain"]
[PlyCount "32"]
[EventDate "2018.??.??"]

{Défense sicilienne} 1. e4 c5 2. Nf3 d6 3. d4 cxd4 4. Nxd4 Nf6 5. Nc3 Nc6 6.
Be3 g6 7. Qd2 Ng4 8. Bg5 h6 9. Bh4 Bg7 10. Nxc6 bxc6 11. f3 Ne5 12. O-O-O Qa5
13. Bf2 Be6 14. a3 Rb8 15. Nb1 Nc4 16. Qxa5 Bxb2# 0-1

[Event "22e Tournoi 1hKO"]
[Site "Montigny le Bretonneux"]
[Date "2018.05.12"]
[Round "6.4"]
[White "Privat, Jean-Claude"]
[Black "Trevisiol, Antoine"]
[Result "0-1"]
[WhiteElo "1605"]
[BlackElo "1404"]
[Annotator "Rivier,Sylvain"]
[PlyCount "58"]
[EventDate "2018.??.??"]

{Défense sicilienne, étau de Maroczy} 1. d4 Nf6 2. c4 c5 3. Nf3 g6 4. Nc3 cxd4
5. Nxd4 Bg7 6. e4 d6 7. Be2 Nc6 8. Be3 O-O 9. O-O Bd7 10. f3 Qb6 11. Qd2 Nxe4
12. fxe4 Bxd4 13. Nd5 Bxe3+ 14. Nxe3 Rac8 15. Kh1 Be6 16. Nd5 Bxd5 17. exd5 Ne5
18. b3 a5 19. Qh6 Qd4 20. Rad1 Qb2 21. Bf3 Qxa2 22. Rd4 Nxf3 23. gxf3 Qe2 24.
Kg1 Qb2 25. Rfd1 Qxb3 26. R1d3 Qb6 27. Kg2 a4 28. Kg3 f5 29. Rh4 Rf7 0-1

[Event "22e Tournoi 1hKO"]
[Site "Montigny le Bretonneux"]
[Date "2018.05.12"]
[Round "6.5"]
[White "Branson, James"]
[Black "Sondermeijer, Damien"]
[Result "1-0"]
[WhiteElo "1516"]
[BlackElo "1414"]
[Annotator "Rivier,Sylvain"]
[PlyCount "81"]
[EventDate "2018.??.??"]

{Défense française, variante Tarrasch fermée} 1. e4 e6 2. d4 d5 3. Nd2 Nf6 4.
e5 Nfd7 5. Bd3 c5 6. c3 Nc6 7. Ndf3 Qb6 8. Ne2 cxd4 9. cxd4 Be7 10. O-O O-O 11.
a3 f6 12. Qc2 g6 13. Bxg6 f5 14. Bh5 Kh8 15. Bh6 Rd8 16. Ng5 Bxg5 17. Bxg5 Rg8
18. Be3 Nf8 19. Rad1 Ng6 20. Bg5 Re8 21. Bf6+ Kg8 22. Qc3 Kf7 23. Nf4 Rg8 24.
Qh3 Ke8 25. Bxg6+ Rxg6 26. Nxg6 hxg6 27. Qh8+ Kd7 28. Qg7+ Ne7 29. Qxe7+ Kc6
30. Rc1+ Kb5 31. Qb4+ Ka6 32. Qa4+ Qa5 33. Qxa5+ Kxa5 34. Rc5+ Ka4 35. Rfc1 Bd7
36. R1c3 b6 37. Rc7 Bb5 38. Re7 Bc4 39. f4 a5 40. Kf2 Rh8 41. h3 1-0

[Event "22e Tournoi 1hKO"]
[Site "Montigny le Bretonneux"]
[Date "2018.05.12"]
[Round "6.6"]
[White "Alluch Abdellach, Nordin"]
[Black "Fasquelle, Yann"]
[Result "1-0"]
[WhiteElo "1426"]
[BlackElo "1512"]
[Annotator "Rivier,Sylvain"]
[PlyCount "77"]
[EventDate "2018.??.??"]

{Défense ouest-indienne} 1. d4 Nf6 2. c4 e6 3. e3 b6 4. Nf3 Bb7 5. Be2 Be7 6.
O-O c5 7. Nc3 cxd4 8. Nxd4 O-O 9. b3 Na6 10. Bb2 Rc8 11. Ndb5 Ra8 12. Nd6 Bc6
13. a3 Qc7 14. Ndb5 Qb8 15. Nd4 Nc5 16. Nxc6 dxc6 17. b4 Rd8 18. Qc2 Ncd7 19.
Bf3 Qc7 20. b5 Ne5 21. Be2 Rac8 22. f4 Ng6 23. Ne4 cxb5 24. Nxf6+ Bxf6 25. Bxf6
gxf6 26. Qb2 Qe7 27. cxb5 Kh8 28. Bf3 Rg8 29. Bc6 Rg7 30. Rad1 Rcg8 31. Rd7 Qc5
32. Qxf6 Qxe3+ 33. Kh1 Rf8 34. h4 Qxa3 35. h5 Ne7 36. h6 Rfg8 37. hxg7+ Rxg7
38. Rxe7 Qd3 39. Re8# 1-0

[Event "22e Tournoi 1hKO"]
[Site "Montigny le Bretonneux"]
[Date "2018.05.12"]
[Round "6.7"]
[White "Montay, Jean-Paul"]
[Black "Sagon, Lancelot"]
[Result "0-1"]
[WhiteElo "1391"]
[BlackElo "1479"]
[Annotator "Rivier,Sylvain"]
[PlyCount "66"]
[EventDate "2018.??.??"]

{Ouverture anglaise, variante des quatre cavaliers} 1. c4 e5 2. Nc3 Nc6 3. Nf3
Nf6 4. e4 Bc5 5. a3 d6 6. h3 Be6 7. b4 Bb6 8. d3 Bd4 9. Nxd4 Nxd4 10. Ne2 Nc6
11. Bg5 h6 12. Be3 Ne7 13. Qa4+ Bd7 14. b5 a6 15. Qb3 axb5 16. cxb5 Be6 17. Qb2
Ng6 18. Nc3 d5 19. exd5 Nxd5 20. Nxd5 Bxd5 21. d4 Qd6 22. dxe5 Qxe5 23. Qxe5+
Nxe5 24. Be2 Nc4 25. Bd4 O-O 26. O-O Ra4 27. Bc5 Rfa8 28. Bd1 R4a5 29. Re1 Rxb5
30. Bb4 Rxb4 31. axb4 Rxa1 32. Re8+ Kh7 33. Re1 g6 0-1

[Event "22e Tournoi 1hKO"]
[Site "Montigny le Bretonneux"]
[Date "2018.05.12"]
[Round "6.8"]
[White "Carbonero, Jean Marc"]
[Black "Didierjean, Tristan"]
[Result "0-1"]
[WhiteElo "1098"]
[BlackElo "1697"]
[Annotator "Rivier,Sylvain"]
[PlyCount "106"]
[EventDate "2018.??.??"]

{Défense Philidor} 1. e4 e5 2. Nf3 d6 3. d4 exd4 4. Nxd4 Be7 5. Nf5 Bxf5 6.
exf5 Nf6 7. Qf3 c6 8. Qb3 Qc8 9. Be3 O-O 10. Bd3 d5 11. O-O c5 12. c4 d4 13.
Bf4 Nc6 14. Nd2 Qd7 15. Nf3 Nh5 16. Bg3 Nxg3 17. fxg3 Bf6 18. g4 h6 19. h4 Rfe8
20. g5 hxg5 21. hxg5 Be5 22. g4 Bf4 23. Rae1 Be3+ 24. Kg2 Ne5 25. Kg3 Nxf3 26.
Rxf3 Bxg5 27. Rxe8+ Rxe8 28. Qb5 Qe7 29. Kg2 b6 30. Qc6 Rd8 31. Rf2 f6 32. Qe6+
Qxe6 33. fxe6 Kf8 34. Re2 Be3 35. Kf3 Ke7 36. Bf5 g6 37. Bxg6 Kxe6 38. Bf5+ Kd6
39. Ke4 Rh8 40. Kd3 Ke5 41. a3 Rh1 42. b4 Rd1+ 43. Kc2 Rc1+ 44. Kb3 Rc3+ 45.
Ka2 Rxc4 46. Kb3 Rc3+ 47. Ka2 Kf4 48. Rb2 c4 49. b5 d3 50. Rb1 d2 51. Rf1+ Kg5
52. Kb2 Rc1 53. Bc2 Rxf1 0-1

[Event "22e Tournoi 1hKO"]
[Site "Montigny le Bretonneux"]
[Date "2018.05.12"]
[Round "6.9"]
[White "Rayeh, Anas"]
[Black "Leclet, Pierre"]
[Result "0-1"]
[WhiteElo "1204"]
[BlackElo "1483"]
[Annotator "Rivier,Sylvain"]
[PlyCount "46"]
[EventDate "2018.??.??"]

{Défense Petroff} 1. e4 e5 2. Nf3 Nf6 3. Nc3 Bb4 4. Bc4 Bxc3 5. O-O Bd4 6. Ng5
O-O 7. c3 Bb6 8. d4 exd4 9. cxd4 d5 10. e5 Ne4 11. Nxe4 dxe4 12. Qe1 Bf5 13. f3
Qxd4+ 14. Be3 Qxc4 15. Qg3 Bxe3+ 16. Kh1 Qc5 17. Rae1 Bd2 18. Rd1 e3 19. Qg5
Qxe5 20. Rxd2 exd2 21. Qxd2 Nc6 22. f4 Qb5 23. Rb1 Bxb1 0-1

[Event "22e Tournoi 1hKO"]
[Site "Montigny le Bretonneux"]
[Date "2018.05.12"]
[Round "6.10"]
[White "Zareli, Youssef"]
[Black "Harang, Mathurin"]
[Result "1-0"]
[WhiteElo "1190"]
[BlackElo "1099"]
[Annotator "Rivier,Sylvain"]
[PlyCount "53"]
[EventDate "2018.??.??"]

{Défense Petroff} 1. e4 e5 2. Nf3 Nf6 3. Nc3 Bc5 4. Nxe5 d6 5. Nf3 Bg4 6. Be2
O-O 7. h3 Bxf3 8. Bxf3 Nc6 9. d3 Qd7 10. O-O Rae8 11. Bf4 Re7 12. Bg5 h6 13.
Bg4 Nxe4 14. Bxe7 Nxc3 15. bxc3 b5 16. Bxd7 Rb8 17. Bxc6 Rb6 18. Bd5 b4 19.
cxb4 Bxb4 20. Rb1 a5 21. c3 c6 22. Bxc6 g5 23. Bd5 h5 24. cxb4 axb4 25. Qxh5
Kg7 26. Qxf7+ Kh6 27. Bf8# 1-0

[Event "22e Tournoi 1hKO"]
[Site "Montigny le Bretonneux"]
[Date "2018.05.12"]
[Round "6.11"]
[White "Zareli, Aymane"]
[Black "Charalambides, Tom"]
[Result "0-1"]
[WhiteElo "1009"]
[BlackElo "1009"]
[Annotator "Rivier,Sylvain"]
[PlyCount "88"]
[EventDate "2018.??.??"]

{Partie espagnole, défense berlinoise} 1. e4 e5 2. Nf3 d6 3. Nc3 Nf6 4. Bc4 Nc6
5. O-O Na5 6. Bd3 Nc6 7. Bb5 Bd7 8. d3 Nd4 9. Bxd7+ Nxd7 10. Nxd4 exd4 11. Nd5
c6 12. Nf4 g6 13. b3 Bh6 14. Qd2 Qf6 15. Nh3 Bxd2 16. Bxd2 h5 17. Bg5 Qe5 18.
Bf4 Qc5 19. Ng5 Nf6 20. e5 dxe5 21. b4 Qb5 22. Bd2 e4 23. dxe4 Qe5 24. f3 Rd8
25. g3 d3 26. Bf4 Qd4+ 27. Rf2 Qxa1+ 28. Rf1 dxc2 29. e5 Qxf1+ 30. Kxf1 Nd5 31.
Bd2 Nxb4 32. Bc1 Rd1+ 33. Ke2 Rxc1 34. Kd2 Nxa2 35. Ne4 O-O 36. Nc3 Rd8+ 37.
Ke3 Nxc3 38. g4 Rcd1 39. Kf2 c1=Q 40. Kg3 Rg1+ 41. Kh4 Qh6 42. g5 Qxg5+ 43. Kh3
Rd3 44. e6 Rxf3# 0-1

[Event "22e Tournoi 1hKO"]
[Site "Montigny le Bretonneux"]
[Date "2018.05.13"]
[Round "7.1"]
[White "Trevisiol, Antoine"]
[Black "Forissier, Nicolas"]
[Result "1-0"]
[WhiteElo "1404"]
[BlackElo "1977"]
[Annotator "Rivier,Sylvain"]
[PlyCount "125"]
[EventDate "2018.??.??"]

{Défense Grünfeld} 1. d4 Nf6 2. c4 g6 3. Nc3 d5 4. Nf3 Bg7 5. Bg5 c6 6. e3 O-O
7. Be2 Re8 8. Qb3 e6 9. O-O Nbd7 10. Ne5 Qc7 11. Bf4 Qa5 12. c5 Bf8 13. a3 Nxe5
14. Bxe5 Nd7 15. Bg3 e5 16. Rfe1 Bg7 17. Qd1 exd4 18. exd4 Nf6 19. b4 Qd8 20.
Be5 Bf5 21. Bd3 Qd7 22. Qc2 Bxd3 23. Qxd3 Re6 24. Qf3 Rae8 25. Re3 Nh5 26. Bxg7
Rxe3 27. fxe3 Nxg7 28. Rd1 Qe7 29. Re1 Nf5 30. Re2 Qg5 31. Qf4 Qxf4 32. exf4
Re3 33. Rxe3 Nxe3 34. Kf2 Nc2 35. Ke2 Nxa3 36. Kd3 f5 37. g3 Kf7 38. Kd2 Ke6
39. Kd3 Kf6 40. Ne2 Nc4 41. Ng1 Ke6 42. Nf3 b6 43. Ng5+ Ke7 44. Nxh7 bxc5 45.
dxc5 a5 46. bxa5 Nxa5 47. Kc3 Nc4 48. Ng5 Ne3 49. Nf3 Kd8 50. Ne5 Kc7 51. Nxg6
Nf1 52. Ne7 Nxh2 53. Nxf5 Ng4 54. Kd4 Kd7 55. Ne3 Nf6 56. g4 Ne4 57. g5 Ke7 58.
Nxd5+ cxd5 59. Kxd5 Nc3+ 60. Kc6 Ke6 61. Kb7 Ne4 62. c6 Nd6+ 63. Kb8 1-0

[Event "22e Tournoi 1hKO"]
[Site "Montigny le Bretonneux"]
[Date "2018.05.13"]
[Round "7.2"]
[White "David, Frederic"]
[Black "Alluch Abdellach, Nordin"]
[Result "1-0"]
[WhiteElo "1964"]
[BlackElo "1426"]
[Annotator "Rivier,Sylvain"]
[PlyCount "72"]
[EventDate "2018.??.??"]

{Défense sicilienne, système fermé} 1. e4 c5 2. Nc3 d6 3. f4 a6 4. Nf3 e6 5. g3
Nc6 6. Bg2 Nf6 7. d3 g6 8. e5 dxe5 9. Nxe5 Nxe5 10. fxe5 Nd7 11. Ne4 Bg7 12.
Bg5 Qc7 13. Bf6 Bxf6 14. exf6 Qe5 15. O-O h5 16. c3 Kf8 17. d4 cxd4 18. cxd4
Qb5 19. Qc2 Nb8 20. Qxc8+ Qe8 21. Qxe8+ Kxe8 22. Rac1 Nc6 23. Nd6+ Kd7 24. Nxf7
Rhf8 25. Bxc6+ bxc6 26. Ne5+ Kd6 27. Nxg6 Rf7 28. Ne5 Rg8 29. Rxc6+ Kd5 30. Rc4
Ra7 31. Rf4 Rb7 32. b3 a5 33. Rc5+ Kd6 34. Nc4+ Kd7 35. Nxa5 Rc7 36. Rxh5 Ke8
1-0

[Event "22e Tournoi 1hKO"]
[Site "Montigny le Bretonneux"]
[Date "2018.05.13"]
[Round "7.3"]
[White "Duval, Dominique"]
[Black "Branson, James"]
[Result "1/2-1/2"]
[WhiteElo "1704"]
[BlackElo "1516"]
[Annotator "Rivier,Sylvain"]
[PlyCount "74"]
[EventDate "2018.??.??"]

{Partie du pion dame} 1. d4 d5 2. Bf4 g6 3. e3 Bg7 4. Nf3 Nf6 5. Nbd2 O-O 6. h3
b6 7. Be2 Ba6 8. O-O c5 9. c3 Bxe2 10. Qxe2 Nbd7 11. Ne5 Nh5 12. Bh2 Nxe5 13.
dxe5 Bh8 14. f4 e6 15. Nf3 Ng7 16. g4 f6 17. Rad1 Qe7 18. Bg3 c4 19. exf6 Qxf6
20. Bh4 Qf7 21. Ne5 Qb7 22. e4 Ne8 23. exd5 exd5 24. Rd4 Nc7 25. Qc2 Bxe5 26.
fxe5 Rxf1+ 27. Kxf1 Rf8+ 28. Kg1 Ne6 29. Rd2 Nf4 30. Kh2 Nd3 31. Rxd3 cxd3 32.
Qxd3 Rf4 33. Qb5 Qf7 34. Bf6 Re4 35. Qc6 Re2+ 36. Kg3 Rxb2 37. Qc8+ Qf8 1/2-1/2

[Event "22e Tournoi 1hKO"]
[Site "Montigny le Bretonneux"]
[Date "2018.05.13"]
[Round "7.4"]
[White "Sondermeijer, Antoine"]
[Black "Trevisiol, Thierry"]
[Result "1/2-1/2"]
[WhiteElo "1465"]
[BlackElo "1578"]
[Annotator "Rivier,Sylvain"]
[PlyCount "71"]
[EventDate "2018.??.??"]

{Ouverture anglaise, variante symétrique, système Rubinstein} 1. c4 Nf6 2. Nf3
c5 3. Nc3 Nc6 4. g3 d6 5. Bg2 Bg4 6. h3 Bf5 7. d4 Nb4 8. O-O Qd7 9. Kh2 Bc2 10.
Qd2 Bg6 11. d5 h6 12. a3 Na6 13. Qe1 Ne4 14. Nh4 Nxc3 15. Nxg6 fxg6 16. Qxc3 g5
17. f4 g4 18. e4 O-O-O 19. hxg4 Rg8 20. g5 hxg5 21. g4 Qxg4 22. Bh3 Rh8 23. Rg1
Rxh3+ 24. Qxh3 Qxh3+ 25. Kxh3 gxf4 26. Bxf4 e5 27. Bg5 Rd7 28. Raf1 Be7 29. Rf7
Bd8 30. Rxd7 Kxd7 31. Bd2 Bf6 32. b4 Nc7 33. Bg5 cxb4 34. Bxf6 gxf6 35. axb4
Na6 36. Rg7+ 1/2-1/2

[Event "22e Tournoi 1hKO"]
[Site "Montigny le Bretonneux"]
[Date "2018.05.13"]
[Round "7.5"]
[White "Didierjean, Tristan"]
[Black "Privat, Jean-Claude"]
[Result "1/2-1/2"]
[WhiteElo "1697"]
[BlackElo "1605"]
[Annotator "Rivier,Sylvain"]
[PlyCount "132"]
[EventDate "2018.??.??"]

{Ouverture du pion dame} 1. d4 d5 2. e3 Nf6 3. Nd2 c6 4. Be2 Bf5 5. Ngf3 e6 6.
O-O Nbd7 7. Nh4 Bg6 8. Nxg6 hxg6 9. h3 Bd6 10. f4 O-O 11. Nf3 c5 12. c3 cxd4
13. exd4 Ne4 14. Bd3 Ndf6 15. Ne5 Ng3 16. Rf3 Nf5 17. Qe1 a6 18. g4 Ne7 19. Bd2
Nc6 20. Qg3 Rc8 21. Raf1 b5 22. a3 Na5 23. h4 Nc4 24. Nxc4 bxc4 25. Bb1 Rb8 26.
Bc1 Qb6 27. Bc2 Qc7 28. Qh3 Qa7 29. Kh1 Qd7 30. h5 gxh5 31. g5 Ne4 32. Qxh5
Rfc8 33. Rh3 Kf8 34. Bxe4 dxe4 35. Qh8+ Ke7 36. Qxg7 Kd8 37. Rh7 e3 38. Qxf7
Qxf7 39. Rxf7 Ke8 40. g6 Rb5 41. Kg2 Rh5 42. Bxe3 Rb8 43. Bc1 Rbb5 44. Rh7 Kf8
45. Rh1 Rxh1 46. Kxh1 Rf5 47. Rf7+ Rxf7 48. gxf7 Kxf7 49. Kg2 Kf6 50. Kf3 Kf5
51. Be3 Be7 52. Ke2 Ke4 53. Bc1 Bd6 54. Kd1 Kd3 55. a4 Be7 56. Bd2 Bh4 57. Be1
Be7 58. Kc1 Bd6 59. Bg3 Be7 60. Kb1 Ke4 61. Ka2 Kf3 62. Be1 Ke2 63. b3 Kxe1 64.
bxc4 Kd2 65. Kb3 Kd3 66. c5 a5 1/2-1/2

[Event "22e Tournoi 1hKO"]
[Site "Montigny le Bretonneux"]
[Date "2018.05.13"]
[Round "7.6"]
[White "Sagon, Lancelot"]
[Black "Leclet, Pierre"]
[Result "1-0"]
[WhiteElo "1479"]
[BlackElo "1483"]
[Annotator "Rivier,Sylvain"]
[PlyCount "81"]
[EventDate "2018.??.??"]

{Défense scandinave} 1. e4 d5 2. exd5 Qxd5 3. Nc3 Qd8 4. d4 Nf6 5. Nf3 b6 6. g3
Bb7 7. Bg2 g6 8. O-O Bg7 9. Bf4 Nh5 10. Ne2 O-O 11. c3 Nd7 12. Re1 Nxf4 13.
Nxf4 Re8 14. Qb3 e5 15. Nxe5 Bxe5 16. Bxb7 Qg5 17. Bxa8 Rxa8 18. dxe5 Nxe5 19.
Qd5 Re8 20. Nd3 c6 21. Rxe5 cxd5 22. Rxg5 Rd8 23. Nf4 f5 24. Rd1 Kf7 25. Rxd5
Rxd5 26. Nxd5 h6 27. Rxf5+ gxf5 28. f4 Ke6 29. c4 Kd6 30. Kf2 Ke6 31. Ke3 Kd6
32. a4 Ke6 33. b4 Kd6 34. Kd4 Ke6 35. Nxb6 axb6 36. a5 bxa5 37. bxa5 Kd6 38.
c5+ Kc6 39. Ke5 Kxc5 40. Kxf5 Kb5 41. Kg6 1-0

[Event "22e Tournoi 1hKO"]
[Site "Montigny le Bretonneux"]
[Date "2018.05.13"]
[Round "7.7"]
[White "Sondermeijer, Damien"]
[Black "Pelletier, Sylvain"]
[Result "1-0"]
[WhiteElo "1414"]
[BlackElo "1399"]
[Annotator "Rivier,Sylvain"]
[PlyCount "69"]
[EventDate "2018.??.??"]

{Début du fou, défense berlinoise} 1. e4 e5 2. Nf3 Nc6 3. Bc4 Nf6 4. d3 d5 5.
exd5 Nxd5 6. Qe2 f6 7. Bxd5 Qxd5 8. Nc3 Bb4 9. O-O Bxc3 10. bxc3 Bg4 11. h3
Bxf3 12. Qxf3 Qxf3 13. gxf3 O-O-O 14. f4 exf4 15. Bxf4 Ne5 16. Kg2 Rhe8 17. Be3
b6 18. a4 a5 19. Rfd1 Kb7 20. c4 c5 21. Rab1 Kc6 22. Rb5 Rb8 23. Rdb1 Red8 24.
Bxc5 Nd7 25. Be3 g5 26. Bd2 Kc7 27. c5 Nxc5 28. Bxa5 Nxa4 29. Be1 Re8 30. R5b4
Nc5 31. Rc4 Kd6 32. f3 Re2+ 33. Kf1 Rxc2 34. Rxc2 Nxd3 35. Rd2 1-0

[Event "22e Tournoi 1hKO"]
[Site "Montigny le Bretonneux"]
[Date "2018.05.13"]
[Round "7.8"]
[White "Charalambides, Tom"]
[Black "Montay, Jean-Paul"]
[Result "0-1"]
[WhiteElo "1009"]
[BlackElo "1391"]
[Annotator "Rivier,Sylvain"]
[PlyCount "70"]
[EventDate "2018.??.??"]

{Partie du pion dame} 1. d4 d5 2. Nc3 e6 3. Be3 Nf6 4. Nf3 Bb4 5. Bd2 O-O 6. a3
Be7 7. e3 Nc6 8. Bb5 a6 9. Bxc6 bxc6 10. Ne5 Bb7 11. g4 Nd7 12. Nxd7 Qxd7 13.
Na4 c5 14. Nxc5 Bxc5 15. dxc5 d4 16. Rg1 d3 17. cxd3 Qxd3 18. Rg3 Rfd8 19. e4
Qxe4+ 20. Re3 Qh1+ 21. Ke2 Qxh2 22. Qb3 Bd5 23. Qc2 c6 24. Ba5 Rdb8 25. Bc7
Qxc7 26. Rh3 g6 27. Rah1 Bxh1 28. Rxh1 Rb5 29. Rh3 Rab8 30. b3 Qe5+ 31. Kf1
Rxc5 32. f4 Qa1+ 33. Kg2 Rxc2+ 34. Kg3 Qe1+ 35. Kf3 Rc3+ 0-1

[Event "22e Tournoi 1hKO"]
[Site "Montigny le Bretonneux"]
[Date "2018.05.13"]
[Round "7.9"]
[White "Fasquelle, Yann"]
[Black "Carbonero, Jean Marc"]
[Result "1-0"]
[WhiteElo "1512"]
[BlackElo "1098"]
[Annotator "Rivier,Sylvain"]
[PlyCount "90"]
[EventDate "2018.??.??"]

{Partie espagnole, défense berlinoise} 1. e4 e5 2. Nf3 Nc6 3. Bb5 Nf6 4. d3 a6
5. Bxc6 dxc6 6. Nxe5 Bd6 7. Nf3 Bc5 8. O-O O-O 9. Bg5 h6 10. Bc1 Bg4 11. Nbd2
Qd7 12. c3 Qxd3 13. Ne5 Bxd1 14. Nxd3 Be2 15. Nxc5 Bxf1 16. Kxf1 b6 17. Nd3
Rad8 18. Ne5 Rd6 19. Nef3 Re6 20. Nd4 c5 21. Nxe6 fxe6 22. e5 Ng4 23. Nf3 Rf5
24. Bd2 Nxe5 25. Nxe5 Rxe5 26. Bf4 Rh5 27. Bxc7 b5 28. Re1 Kf7 29. h3 g5 30.
Kg1 Rh4 31. Re5 c4 32. Rc5 Re4 33. Rc6 Re1+ 34. Kh2 Rd1 35. Rxa6 Rb1 36. Be5
Re1 37. Bd6 Rb1 38. Bb4 Rxb2 39. a3 Rxf2 40. Ra7+ Kf6 41. Rb7 Rf5 42. Rb8 Rd5
43. Rf8+ Kg6 44. Re8 Re5 45. Rb8 Rf5 {suite illisible} 1-0

[Event "22e Tournoi 1hKO"]
[Site "Montigny le Bretonneux"]
[Date "2018.05.13"]
[Round "7.10"]
[White "Harang, Mathurin"]
[Black "Pelletier, Noe"]
[Result "0-1"]
[WhiteElo "1099"]
[BlackElo "1180"]
[Annotator "Rivier,Sylvain"]
[PlyCount "46"]
[EventDate "2018.??.??"]

{Partie italienne} 1. e4 e5 2. Bc4 Nf6 3. Nf3 Bc5 4. O-O O-O 5. d3 Nc6 6. Nc3
d6 7. Bd2 Bg4 8. Bg5 Nd4 9. Nd5 Nxf3+ 10. Kh1 Nxh2 11. Qe1 Nxf1 12. Nxf6+ gxf6
13. Qxf1 fxg5 14. a3 c6 15. b4 Bd4 16. Ra2 d5 17. Bb3 f5 18. exd5 cxd5 19. f3
Bh5 20. c4 dxc4 21. dxc4 g4 22. c5+ Kh8 23. a4 Qh4# 0-1

[Event "22e Tournoi 1hKO"]
[Site "Montigny le Bretonneux"]
[Date "2018.05.13"]
[Round "8.2"]
[White "Forissier, Nicolas"]
[Black "Duval, Dominique"]
[Result "1-0"]
[WhiteElo "1977"]
[BlackElo "1704"]
[Annotator "Rivier,Sylvain"]
[PlyCount "93"]
[EventDate "2018.??.??"]

{Défense Nimzo-indienne, variante Fischer} 1. d4 Nf6 2. c4 e6 3. Nc3 Bb4 4. Nf3
O-O 5. e3 b6 6. Bd3 Bb7 7. O-O Bxc3 8. bxc3 Ne4 9. Qc2 f5 10. Nd2 Nxd2 11. Bxd2
d6 12. e4 Qf6 13. Rae1 Qg6 14. d5 Bc8 15. exf5 exf5 16. Re7 Nd7 17. Rfe1 Ne5
18. Be2 Rf7 19. Re8+ Rf8 20. Rxf8+ Kxf8 21. f4 Ng4 22. Qa4 Bb7 23. Bxg4 fxg4
24. Qd7 Re8 25. Rxe8+ Qxe8 26. Qxc7 Qa4 27. Qxd6+ Kf7 28. Qe6+ Kf8 29. d6 Qc6
30. Qe7+ Kg8 31. Qd8+ Kf7 32. Qc7+ Kg6 33. Qxc6 Bxc6 34. c5 b5 35. Kf2 Kf5 36.
Ke3 Ke6 37. c4 bxc4 38. Kd4 Bxg2 39. Kxc4 Bc6 40. a3 h5 41. Be1 Kf5 42. Bg3 g5
43. fxg5 Kxg5 44. Kd4 h4 45. Bf2 h3 46. Ke5 Bd7 47. Kd5 1-0

[Event "22e Tournoi 1hKO"]
[Site "Montigny le Bretonneux"]
[Date "2018.05.13"]
[Round "8.3"]
[White "Branson, James"]
[Black "Trevisiol, Thierry"]
[Result "1-0"]
[WhiteElo "1516"]
[BlackElo "1578"]
[Annotator "Rivier,Sylvain"]
[PlyCount "31"]
[EventDate "2018.??.??"]

{Gambit dame, défense Tchigorine} 1. d4 d5 2. c4 Nc6 3. Nc3 Nf6 4. e3 Bf5 5. a3
e6 6. cxd5 exd5 7. Qb3 Rb8 8. Bb5 Qd7 9. Qa4 Bd6 10. Bxc6 Qxc6 11. Qxa7 O-O 12.
Qa4 Qb6 13. Qb5 Qa7 14. Nxd5 Nd7 15. Nc3 Rfe8 16. Qxf5 1-0